LEADER 01166nas 2200421-a 450 001 996202370003316 005 20240111213018.0 011 $a1532-4621 035 $a(OCoLC)44002140 035 $a(CKB)963018301224 035 $a(CONSER)---00213176- 035 $a(EXLCZ)99963018301224 100 $a20000508a19999999 s-- a 101 0 $aeng 135 $aurcnu|||||||| 181 $ctxt$2rdacontent 182 $cc$2rdamedia 183 $acr$2rdacarrier 200 10$aHepatitis weekly 210 $aAtlanta, GA $cNewsRx.com$dİ1999- 300 $aTitle from available issues screen. 311 $a1086-0223 531 $aHEPATITIS WKLY 531 0 $aHepatitis wkly. 606 $aHepatitis$vPeriodicals 606 $aHepatitis viruses$vPeriodicals 606 $aHepatitis$2fast$3(OCoLC)fst00955188 606 $aHepatitis viruses$2fast$3(OCoLC)fst00955222 608 $aPeriodicals.$2fast 615 0$aHepatitis 615 0$aHepatitis viruses 615 7$aHepatitis. 615 7$aHepatitis viruses. 676 $a616 $2 13 906 $aJOURNAL 912 $a996202370003316 996 $aHepatitis weekly$92302240 997 $aUNISA